000 00559nam a2200193 4500
001 137716
003 ES-MaACL
005 20250605122319.0
007 t|
008 070214s1968 sp r ||||1| spa d
100 1 _aSalgado, Enrique.
_9101895
245 1 0 _aRadiografía del dictador /
_cEnrique Salgado ; prólogo de Salvador Paniker.
250 _a1ª ed.
260 _aBarcelona :
_bNauta,
_c1968.
300 _a256 p. ;
_c19 cm.
700 1 _aPániker, Salvador,
_d1927-
_988794
852 _aES-MaACL
_jC-51619
_bR.65951
999 _c137716
_d137716